00000000cgm 2200000zi 4500
0019.962875
003CaOODSP
00520260605103723
006m     o  c f      
007cr cna||||||||
007vz czazuu
008260515e20250711onc003       fo   vlfre d
020 |a9780660999807
040 |aCaOODSP|bfre|erda|cCaOODSP
043 |an-cn---
0861 |aCH57-4/91-2026F-MP4
24500|aComment mesurer le rayonnement UV.
264 1|a[Ottawa] : |b[Institut canadien de conservation = Canadian Conservation Institute], |c[Jul 11, 2025]
300 |a1 ressource en ligne (1 fichier vidéo (3 min., 6 sec.)) : |bsonore, couleur
336 |aimage animée bidimensionnelle|btdi|2rdacontent/fre
337 |ainformatique|bc|2rdamedia/fre
338 |aressource en ligne|bcr|2rdacarrier/fre
500 |a« CCI Videos. »
500 |aPublié aussi en anglais sous le titre : How to measure UV radiation.
500 |aDisponible en streaming vidéo ou en fichier MP4 téléchargeable.
520 |a« Dans ce tutoriel, vous apprendez à mesurer, à l'aide d'un appareil de mesure des conditions environnementales: la quantité d'UV que reçoit un objet du patrimoine; la quantité d'UV qu'émet une source lumineuse. En détectant les objets qui sont exposés à des niveaux élevés d'UV et les sources lumineuses qui émettent des UV, vous pouvez prendre des mesures pour éviter les UV et les bloquer afin de les empêcher de causer des dommages » -- Fourni par l'éditeur.
588 |aDescription basée sur la ressource en ligne; titre de l'écran titre (Institut canadien de conservation, consulté le 5 juin 2026).
650 6|aRayonnement ultraviolet|zCanada|xMesure.
650 6|aDétecteurs de rayons ultraviolets|zCanada.
650 6|aPatrimoine culturel|xProtection|xAspect de l'environnement|zCanada.
655 7|aVidéos sur Internet|2rvmgf
655 7|aMatériel d'éducation et de formation|2rvmgf
7102 |aInstitut canadien de conservation, |eorganisme de publication.
77508|tHow to measure UV radiation.|w(CaOODSP)9.962872
85640|qMP4|s214 Mo|uhttps://publications.gc.ca/collections/collection_2026/pch/CH57-4-91-2026-fra.mp4
8564 |qHTML|sS.O.|uhttps://www.youtube.com/watch?v=duW5fPMYE9w